书目信息 |
| 题名: |
面向Arduino用户的树莓派实用指南
|
|
| 作者: | 斯特里克兰 著 ;梁捷 , 曹建 , 胡训强 译 | |
| 分册: | ||
| 出版信息: | 北京 机械工业出版社 2019.07 |
|
| 页数: | XVI, 268页 | |
| 开本: | 24cm | |
| 丛书名: | 电子与嵌入式系统设计译丛 | |
| 单 册: | ||
| 中图分类: | TP311.561-62 | |
| 科图分类: | ||
| 主题词: | 软件工具--ruan jian gong ju--程序设计--指南 | |
| 电子资源: | ||
| ISBN: | 978-7-111-63087-6 | |
| 000 | 01984nam 2200337 450 | |
| 001 | 2060555857 | |
| 005 | 20201104164928.87 | |
| 010 | @a978-7-111-63087-6@dCNY89.00 | |
| 100 | @a20190808d2019 em y0chiy50 ea | |
| 101 | 1 | @achi@ceng |
| 102 | @aCN@b110000 | |
| 105 | @aa z 000yy | |
| 200 | 1 | @a面向Arduino用户的树莓派实用指南@Amian xiang Arduino yong hu de shu mei pai shi yong zhi nan@e物联网应用开发@f(美) 詹姆斯·R.斯特里克兰著@d= Raspberry pi for Arduino users@ebuilding iot and network applications and devices@fJames R. Strickland@g梁捷, 曹建, 胡训强译@zeng |
| 210 | @a北京@c机械工业出版社@d2019.07 | |
| 215 | @aXVI, 268页@c图@d24cm | |
| 225 | 2 | @a电子与嵌入式系统设计译丛@Adian zi yu qian ru shi xi tong she ji yi cong |
| 306 | @a由Apress出版社授权出版 | |
| 314 | @a梁捷, 博士, 常年从事飞行器控制、航空仿真系统的研究。曹建, 博士, 常年从事可视化仿真、视景仿真与VR系统的设计与开发。胡训强, 硕士, 常年从事仿真软件系统设计与开发。 | |
| 330 | @a本书全面介绍了树莓派开发板的配置步骤、开发环境构建和实际应用技术, 讲述了在树莓派上采用C++语言和库进行开发的方法, 更为难得的是介绍了结合使用Arduino和树莓派的工具与流程。全书共分为13章, 第1章为完成书中的项目提供了一份采购清单 ; 第2-5章从硬件设置、操作系统安装和管理、树莓派上C++开发的流程和库等方面进行了介绍 ; 第6-11章则采用实例的方式介绍了树莓派在多个方面的开发过程 ; 第12章详细描述了如何综合利用Arduino和树莓派 ; 第13章为总结和建议部分。 | |
| 410 | 0 | @12001 @a电子与嵌入式系统设计译丛 |
| 500 | 10 | @aRaspberry pi for Arduino users : building iot and network applications and devices@mChinese |
| 517 | 1 | @a物联网应用开发@Awu lian wang ying yong kai fa |
| 606 | 0 | @a软件工具@Aruan jian gong ju@x程序设计@j指南 |
| 610 | 0 | @aArduino |
| 690 | @aTP311.561-62@v5 | |
| 701 | 1 | @a斯特里克兰@Asi te li ke lan@g(Strickland, James R.)@4著 |
| 702 | 0 | @a梁捷@Aliang jie@4译 |
| 702 | 0 | @a曹建@Acao jian@4译 |
| 702 | 0 | @a胡训强@Ahu xun qiang@4译 |
| 801 | 0 | @aCN@b人天书店@c20200926 |
| 905 | @aZUCC@dTP311.561-62@eS709 | |
| 面向Arduino用户的树莓派实用指南:物联网应用开发/(美) 詹姆斯·R.斯特里克兰著= Raspberry pi for Arduino users:building iot and network applications and devices/James R. Strickland/梁捷, 曹建, 胡训强译.-北京:机械工业出版社,2019.07 |
| XVI, 268页:图;24cm.-(电子与嵌入式系统设计译丛) |
| ISBN 978-7-111-63087-6:CNY89.00 |
| 本书全面介绍了树莓派开发板的配置步骤、开发环境构建和实际应用技术, 讲述了在树莓派上采用C++语言和库进行开发的方法, 更为难得的是介绍了结合使用Arduino和树莓派的工具与流程。全书共分为13章, 第1章为完成书中的项目提供了一份采购清单 ; 第2-5章从硬件设置、操作系统安装和管理、树莓派上C++开发的流程和库等方面进行了介绍 ; 第6-11章则采用实例的方式介绍了树莓派在多个方面的开发过程 ; 第12章详细描述了如何综合利用Arduino和树莓派 ; 第13章为总结和建议部分。 |
| ● |
| 相关链接 |
|
|
|
正题名:面向Arduino用户的树莓派实用指南
索取号:TP311.561-62/S709
 
预约/预借
| 序号 | 登录号 | 条形码 | 馆藏地/架位号 | 状态 | 备注 |
| 1 | 1477603 | 214776036 | 自科库301/301自科库 51排6列5层/ [索取号:TP311.561-62/S709] | 在馆 | |
| 2 | 1477604 | 214776045 | 自科库301/301自科库 51排6列5层/ [索取号:TP311.561-62/S709] | 在馆 |